000 00627nam a22002057a 4500
999 _c10830
_d10830
003 AR-CdUCM
008 190329b ||||| |||| 00| 0 spa d
040 _aMUNICIPALIDAD PROVINCIAL DEL CUSCO
_cBIBLIOTECA MUNICIPAL DEL CUSCO
082 _aEP / 800 /
_bA76
100 _aArquer, Florencia de
_927871
245 _aAlbergue Tirolés /
260 _aBarcelona :
_bExclusivas Ferma ;
_c1958.
300 _a155 páginas ;
_bIlustraciones
_c19cm
440 _aColección Gacela
_n10
_927872
505 _aContenido: Novela
650 _aLiteratura juvenil
_91580
650 _aNovela
_95
942 _2ddc
_cLIBROS
945 _anom